Recuerdo-homenaje a María Guerrero. (Record no. 106799)

MARC details
000 -LEADER
campo de control de longitud fija 00922nam a2200229 i 4500
001 - NÚMERO DE CONTROL
campo de control 106799
003 - IDENTIFICADOR DE NÚMERO DE CONTROL
campo de control ES-MaACL
005 - FECHA Y HORA DE LA ÚLTIMA TRANSACCIÓN
campo de control 20251215175852.0
007 - CAMPO FIJO DE DESCRIPCIÓN FÍSICA--INFORMACIÓN GENERAL
campo de control de longitud fija t|
008 - DATOS DE LONGITUD FIJA--INFORMACIÓN GENERAL
campo de control de longitud fija 061227s1968 sp a |||| |dspa d
080 ## - NÚMERO DE LA CLASIFICACIÓN DECIMAL UNIVERSAL
Número de la Clasificación Decimal Universal 929 Guerrero, María (082.2)
245 00 - MENCIÓN DEL TÍTULO
Título Recuerdo-homenaje a María Guerrero.
260 ## - PUBLICACIÓN, DISTRIBUCIÓN, ETC.
Lugar de publicación, distribución, etc. [Madrid] :
Nombre del editor, distribuidor, etc. Publicaciones Españolas,
Fecha de publicación, distribución, etc. [1968]
300 ## - DESCRIPCIÓN FÍSICA
Extensión [12] p. :
Otras características físicas il. ;
Dimensiones 21 cm.
490 1# - MENCIÓN DE SERIE
Mención de serie Cuadernos de arte. Serie teatros nacionales y Festivales de España ;
Designación de volumen o secuencia 1
500 ## - NOTA GENERAL
Nota general Catálogo editado con motivo del "Recuerdo-homenaje a María Guerrero", celebrado en el Teatro María Guerrero de Madrid.
600 14 - PUNTO DE ACCESO ADICIONAL DE MATERIA--NOMBRE DE PERSONA
Nombre de persona Guerrero, María,
Fechas asociadas al nombre 1867-1927-
Subdivisión de forma Homenajes
9 (RLIN) 60560
710 2# - ENTRADA AGREGADA--NOMBRE DE ENTIDAD CORPORATIVA
Nombre de entidad corporativa o nombre de jurisdicción como elemento de entrada Teatro María Guerrero (Madrid)
9 (RLIN) 6922
830 00 - PUNTO DE ACCESO ADICIONAL DE SERIE-TÍTULO UNIFORME
Título uniforme Cuadernos de arte.
Nombre de parte o sección de la obra Serie teatros nacionales y Festivales de España
Designación de volumen o secuencia 1
9 (RLIN) 185316
852 ## - LOCALIZACIÓN
Ubicación ES-MaACL
Número de control de estantería 2211-F-42
Holdings
Estatus retirado Estado de pérdida Estado de daño No para préstamo Colección Biblioteca de origen Biblioteca actual Ubicación en estantería Fecha de adquisición Fuente de adquisición Total de préstamos Signatura topográfica completa Código de barras Visto por última vez Precio de reemplazo Tipo de ítem Koha
        Colección de folletos Biblioteca del Ateneo de Madrid Biblioteca del Ateneo de Madrid Depósito folletos 17/01/2008     2211-F-42 1111477 23/02/2023 23/02/2023 Folleto